| 000 | 00302nam a2200133 i 4500 | ||
|---|---|---|---|
| 001 | bg | ||
| 100 | 1 | _aZIENTARA, Wojciech | |
| 245 | 0 |
_aPoradnik programisty ATARI / _cW. Zientara. |
|
| 260 | _aWarszawa. | ||
| 040 | _cBPK | ||
| 041 | _apol | ||
| 942 | _cKS | ||
| 008 | s pl f |000 0 pol | ||
| 999 |
_c29352 _d29352 |
||
| 856 |
_uhttp://koha.tu.koszalin.pl/cgi-bin/koha/opac-detail.pl?biblionumber=29352 _yKatalog online BPK |
||